| 000 | 01294nam a22003617i 4500 | ||
|---|---|---|---|
| 003 | EG-GICUC | ||
| 005 | 20260121101651.0 | ||
| 008 | 260106s1929 fr ||||fr||| 00|10 ffre d | ||
| 040 |
_aEG-GiCUC _cEG-GiCUC _dEG-GiCUC _eRda |
||
| 082 | 0 | 4 |
_221 _a341.3304009 _bAN . H |
| 092 | 0 | 4 | _221 |
| 099 | _aLaw1 11 341.3304009 AN . H 1929 | ||
| 100 | 1 |
_aAncel, J. _eAuteur |
|
| 245 | 1 | 0 |
_aHistoire Diplomatique De L’europe, 1871-1914 / _cPubliée Sous La Direction De M. Henri Hauser ; Par Mm. J. Angel, L. Cahen, R. Guyot, A. Lajusan, P. Renouvin, Et H. Salomon. |
| 264 | 1 |
_aParis : _bP.U.F, _c1929. |
|
| 300 |
_a389 page ; _c24 cm. |
||
| 336 |
_2rda contenu _a texte |
||
| 337 |
_2rda medias _aOrdinateur |
||
| 338 |
_2 transporteur rda _a Ressource en ligne |
||
| 490 | 0 |
_aManuel De Politique Européenne _vTome 2 |
|
| 504 | _aIncludes index | ||
| 546 | _aTexte en français | ||
| 650 | 1 | 4 |
_aDiplomatie - Histoiré _xDroit international public _zEurope |
| 700 | 1 |
_aHauser, M. Henri _eContributeur |
|
| 700 | 1 |
_aSalomon, H. _eAuteur |
|
| 700 | 1 |
_aCahen, L. _eAuteur |
|
| 700 | 1 |
_aGuyot, R. _eAuteur |
|
| 700 | 1 |
_aLajusan, A. _eAuteur |
|
| 700 | 1 |
_aRenouvin, P. _eAuteur |
|
| 856 | 4 | 0 | _uhttps://fll.law.cu.edu.eg/fulltext/bks/B11-06831.pdf |
| 905 | _a75 | ||
| 942 |
_2ddc _cBK _e21 _n0 |
||
| 999 |
_c54760 _d54760 |
||